000
00303nam a22001457a 4500
003
SGT
020
_a
9788129135407
082
_a
820.9,LOG
100
_a
LONG,WILLAM J.
245
_a
ENGLISH LITERATURE
260
_a
NEW DELHI
_b
RUPA
_c
2015
300
_a
639
650
_a
ENGLISH
942
_2
ddc
_c
BK
_0
3
999
_c
18943
_d
18943